Čo vy na to, kolegovia?

Bibliographic Details
Main Author: Božová, Danica (Author)
Format: Article
Language:Slovak
Subjects:

MARC

LEADER 00000nab a2200000 a 4500
001 vtls000506954
003 SK-MaSNL
005 20260303214634.0
008 140302c1994 xo 0 slo
015 |a SNBRB19rr/mm-uuuuu 
035 |a CL0507092 
040 |a SNKBUCL  |b slo  |c SNKBUCL  |e AACR2 
041 0 |a slo 
044 |a xo  |c SK 
080 |a 371.26  |2 1981 
080 |a 371.311.5  |2 1981 
100 1 |a Božová, Danica  |4 aut  |9 332180 
245 1 0 |a Čo vy na to, kolegovia?  |c Danica Božová 
650 0 7 |a vyučovanie  |2 snkbucl  |9 1522 
650 0 7 |a žiaci  |2 snkbucl  |9 16621 
650 0 7 |a pedagogická diferenciácia  |2 snkbucl  |9 1249853 
650 0 7 |a klasifikácia (pedag.)  |2 snkbucl  |9 987712 
655 7 |a články z novín a časopisov  |2 snkbucl  |9 267496 
773 0 |t Učiteľské noviny  |g Roč. 44, č. 4 (1994), s. 8 
850 |a Slovenská národná knižnica v Martine  |a MTA001 
852 |a SNK  |b KIS3GCP 
958 |a RK 
992 |a RBX 
999 |c 2218021  |d 2219951